NLSUI OPAC header image

Bank-NBFC merger : regulatory mechanism issues (Record no. 216939)

MARC details
000 -LEADER
fixed length control field 00600nam a2200145Ia 4500
005 - DATE AND TIME OF LATEST TRANSACTION
control field 20260209120128.0
008 - FIXED-LENGTH DATA ELEMENTS--GENERAL INFORMATION
fixed length control field 260209s9999||||xx |||||||||||||| ||und||
100 ## - MAIN ENTRY--PERSONAL NAME
Personal name Shahid Parvez
245 #0 - TITLE STATEMENT
Title Bank-NBFC merger : regulatory mechanism issues
260 ## - PUBLICATION, DISTRIBUTION, ETC.
Place of publication, distribution, etc. BangaloreBangalore
Name of publisher, distributor, etc. NLSIU
Date of publication, distribution, etc. 2010
300 ## - PHYSICAL DESCRIPTION
Extent 71 p. ; 25 cm.
650 ## - SUBJECT ADDED ENTRY--TOPICAL TERM
Topical term or geographic name entry element Banks and NBFC's - Merger - India Banks and NBFC's - Merger - Role of Reserve bank of India Non-banking Financial Corporations - India
700 ## - ADDED ENTRY--PERSONAL NAME
Personal name Prof. (Dr.) N L Mitra - GuideProf. (Dr.) N L Mitra - Guide
856 ## - ELECTRONIC LOCATION AND ACCESS
Uniform Resource Identifier <a href="https://dans.nls.ac.in/handle/123456789/1944">https://dans.nls.ac.in/handle/123456789/1944</a>
Holdings
Withdrawn status Lost status Damaged status Not for loan Home library Current library Date acquired Total Checkouts Barcode Date last seen Price effective from Koha item type
        NLS NLS 09/02/2026   LLM304 09/02/2026 09/02/2026 Dissertation